Detalles MARC
| 000 -LIDER |
| fixed length control field |
01888nam a2200385 a 4500 |
| 001 - NÚMERO DE CONTROL |
| Identificador de número de control |
00166 |
| 003 - IDENTIFICACDOR DE NÚMERO DE CONTROL |
| control field |
DO-SdBNP |
| 005 - DATE AND TIME OF LATEST TRANSACTION |
| control field |
20180309115118.0 |
| 007 - CAMPOS FIJOS DE DESCRIPCIÓN FÍSICA |
| fixed length control field |
00166 |
| 008 - ELEMENTOS DE LONGITUD FIJA |
| fixed length control field |
091118s2008 dr 2008 000 0 spa d |
| 020 ## - ISBN |
| International Standard Book Number |
9789945112078 - Guía |
| 040 ## - FUENTE DE CATALOGACIÓN |
| Agencia que crea de manera original el registro |
BPMSU |
| Idioma de catalogación |
spa |
| Agencia que realiza la transcripción |
BPMSU |
| 092 ## - LOCALLY ASSIGNED DEWEY DECIMAL CALL NUMBER |
| Número de clasificación |
372.83 |
| Número de ítem (Cutter) |
B828s 8vo. 2008 |
| 100 1# - ASIENTO PRINCIPAL -- NOMBRE PERSONAL |
| Nombre personal |
Brea, José |
| 245 10 - MENCIÓN DE TITULO |
| Título |
Sociedad 8 : |
| Subtítulo |
básica / |
| Mención de responsabilidad |
José Brea, Henry Ramos Santos, Fanny Capellán ; direciión editorial Obdulia García de Escobar |
| 260 ## - PUBLICACIÓN, DISTRIBUCIÓN, ETC. (PIE DE IMPRENTA) |
| Lugar de publicación, distribución, etc |
Santo Domingo : |
| Nombre del editor, distribuidor, etc. |
Santillana, |
| Fecha de publicación, distribución, etc |
2008. |
| 300 ## - DESCRIPCIÓN FÍSICA |
| Extensión |
207 p. : |
| Otros detalles físicos |
il., mapas., retrs. ; |
| Dimensiones |
28 cm. |
| 490 1# - MENCIÓN DE SERIES |
| Mención de serie |
Coral |
| 500 ## - NOTA GENERAL |
| Nota general |
La biblioteca solamente posee la guía |
| 505 0# - NOTA DE CONTENIDO |
| Título |
Unidad 1. |
| -- |
Los inicios el siglo XXl -- |
| -- |
Unidad 2 . |
| -- |
Las pugnas caudillistas -- |
| -- |
Unidad 3 . |
| -- |
La intervención norteamericana de 1916-1924 -- |
| -- |
Unidad 4 . |
| -- |
La dictadura de Trujillo -- |
| -- |
Unidad 5 . |
| -- |
La oposición política y la caída de la dictadura -- |
| -- |
Unidad 6 . |
| -- |
El Caribe entre 1900 y 1970 -- |
| -- |
Unidad 7. |
| -- |
El país entre 1961 y 1965 -- |
| -- |
Unidad 8. |
| -- |
Los gobiernos de Balaguer (1966-1978) -- |
| -- |
Unidad 9 . |
| -- |
Los gobiernos desde 1978 hasta el 2008 -- |
| -- |
Unidad 10 . |
| -- |
La economía dominicana hoy -- |
| -- |
Unidad 11 . |
| -- |
La cultura dominicana -- |
| -- |
Unidad 12 . |
| -- |
La organización del espacio . |
| 650 #4 - ENCABEZAMIENTO DE MATERIA--TEMÁTICO |
| Término temático o nombre geográfico como elemento de entrada |
CIENCIAS SOCIALES |
| Subdivisión geográfica |
ENSEÑANZA BÁSICA |
| 650 #4 - ENCABEZAMIENTO DE MATERIA--TEMÁTICO |
| Término temático o nombre geográfico como elemento de entrada |
CIENCIAS SOCIALES |
| Subdivisión temática general |
EDUCACIÓN PRIMARIA |
| 650 #4 - ENCABEZAMIENTO DE MATERIA--TEMÁTICO |
| Término temático o nombre geográfico como elemento de entrada |
CIENCIAS SOCIALES |
| Subdivisión temática general |
LIBROS DE TEXTOS |
| 650 #4 - ENCABEZAMIENTO DE MATERIA--TEMÁTICO |
| Término temático o nombre geográfico como elemento de entrada |
CIENCIAS SOCIALES |
| Subdivisión temática general |
LIBROS DE TEXTOS |
| 650 #4 - ENCABEZAMIENTO DE MATERIA--TEMÁTICO |
| Término temático o nombre geográfico como elemento de entrada |
EDUCACIÓN PRIMARIA |
| Subdivisión geográfica |
REPÚBLICA DOMINICANA |
| 700 12 - ASIENTO SECUNDARIO -- NOMBRE PERSONAL |
| Nombre personal |
Ramos Santos, Henry |
| 700 ## - ASIENTO SECUNDARIO -- NOMBRE PERSONAL |
| Nombre personal |
Capellán, Fanny |
| 700 ## - ASIENTO SECUNDARIO -- NOMBRE PERSONAL |
| Nombre personal |
García de Escobar, Obdulia, |
| Mención de responsabilidad |
ed. |
| 830 #0 - ASIENTO SECUNDARIO DE SERIE--TÍTULO UNIFORME |
| Título uniforme |
Coral |
| 910 ## - VALIDACIÓN |
| Validación |
Validado. Control de calidad MFF |
| 942 ## - ADDED ENTRY ELEMENTS (KOHA) |
| Source of classification or shelving scheme |
Dewey Decimal Classification |
| Koha item type |
Libros |
| 945 ## - INFORMACIÓN DE PROCESAMIENTO LOCAL |
| Información de procesamiento local |
Remanejado para la BNPHU / 2018 VM |
| 956 ## - LOCAL ELECTRONIC LOCATION AND ACCESS (OCLC) |
| Nombre de host |
VMATEO |
| Número de acceso |
10 |
| Información de compresión |
20150615 |
| Inicio de sesión |
BPMSU |
| Procesador de solicitud |
00151 |
| 956 ## - LOCAL ELECTRONIC LOCATION AND ACCESS (OCLC) |
| Nombre de host |
BTAVÁREZ |
| Número de acceso |
10 |
| Información de compresión |
20160408 |
| Inicio de sesión |
166 |